000 00506nam a2200181Ia 4500
001 8746
005 20260306160632.0
008 260306t2001||||xx |||||||||||||| ||spa||
041 _aESP
082 _a371.3
_bY96 T. 1
100 _aYus Ramos, Rafael
_eAUT
245 0 _aEducación integral, una educación holistica para el siglo XXI:
_buna educación holística para el siglo XXI
260 _c2001
300 _a285 páginas :
_c21 cm.
650 _aGEN
654 _aCED
942 _cLIB
_dJUS
_fJUS
_2ddc
_n
999 _c8746
_d8746